000
00320nam a2200133Ia 4500
008
150201s2009 xx 000 0 und d
082
_a
615
_b
P09P
100
_a
PRABHA,K SURIA
245
_a
PHRAMCY & PATHOPHYSIOLOGY
250
_a
2ND
260
_b
BIRLA PUB.
_a
DELHI
_c
2009
650
_a
HUMAN PHYSIOLOGY
942
_2
ddc
_c
BK
999
_c
910
_d
910